Evaluación de la calidad de los cursos virtuales en la educación superior costarricense = Evaluation of the quality in the virtual courses of the costa rican higher education /
Shranjeno v:
| Glavni avtor: | |
|---|---|
| Format: | Texto |
| Oznake: |
Označite
Brez oznak, prvi označite!
|
MARC
| LEADER | 00000 a a2200000 04500 | ||
|---|---|---|---|
| 001 | 47904 | ||
| 003 | |||
| 040 | |||
| 100 | |a Espinosa Selva, Marvin | ||
| 245 | |a Evaluación de la calidad de los cursos virtuales en la educación superior costarricense = |b Evaluation of the quality in the virtual courses of the costa rican higher education / |c Marvin Espinosa Selva | ||
| 773 | |g volumen10, número10, (2013), páginas 45-63 : gráficos | ||
| 999 | |c 24479 |d 24479 | ||
